Sarhad Kay Lok Geeth (Record no. 321554)

000 -LEADER
fixed length control field 00293 a2200121 4500
001 - CONTROL NUMBER
control field 86481
003 - CONTROL NUMBER IDENTIFIER
control field NUST
005 - DATE AND TIME OF LATEST TRANSACTION
control field 20180122153926.0
008 - FIXED-LENGTH DATA ELEMENTS--GENERAL INFORMATION
fixed length control field 180122b xxu||||| |||| 00| 0 eng d
082 ## - DEWEY DECIMAL CLASSIFICATION NUMBER
Classification number 398.2 BUK
100 ## - MAIN ENTRY--PERSONAL NAME
Personal name Bukhari Farigh
9 (RLIN) 9513
245 ## - TITLE STATEMENT
Title Sarhad Kay Lok Geeth
Medium Urdu
260 ## - PUBLICATION, DISTRIBUTION, ETC.
Place of publication, distribution, etc. Islamabad
Name of publisher, distributor, etc. Lok Virsa Islamabad
Date of publication, distribution, etc. 1987
300 ## - PHYSICAL DESCRIPTION
Extent Rs 288p.
942 ## - ADDED ENTRY ELEMENTS (KOHA)
Institution code [OBSOLETE] CAE NUST
Koha item type Book
Call number prefix 398.2 BUK
Source of classification or shelving scheme
Holdings
Withdrawn status Lost status Damaged status Not for loan Collection code Permanent Location Current Location Date acquired Total Checkouts Full call number Barcode Date last seen Price effective from Koha item type
          College of Aeronautical Engineering (CAE) College of Aeronautical Engineering (CAE) 04/03/2017   398.2 BUK CAE85421 04/05/2017 04/05/2017 Book
© 2023 Central Library, National University of Sciences and Technology. All Rights Reserved.